000 00487nam a2200169 a 4500
001 10330
005 20180713194410.0
008 140415s1989 000 0 spa d
041 _aspa
082 _a300.018
_bPAR
100 1 _aPARDINAS, FELIPE
245 1 0 _aMETODOLOGIA Y TECNICAS DE INVESTIGACION :
_bEN CIENCIAS SOCIALES
250 _a31a ed.
260 _a[s.l.] :
_bSIGLO VEINTIUNO EDITORES,
_c1989
300 _a242
650 1 4 _aCIENCIAS SOCIALES
_xMETODOLOGIA
999 _c10330
_d10330